Designing with Models : A Studio Guide to Making and Using Architectural Design Models /

Guía para el diseño de proyectos arquitectónicos con base en modelos, cuyo autor examina el impacto del desarrollo de tecnologías de tercera dimensión a través de entrevistas y numerosos ejemplos de renombrados arquitectos.

-д хадгалсан:
Номзүйн дэлгэрэнгүй
Үндсэн зохиолч: Mills, Criss B. (autor)
Формат: Ном
Хэл сонгох:англи
Хэвлэсэн: Hoboken, EUA : Wiley, 2005, c2005
Хэвлэл:2a edición
Нөхцлүүд:
Шошгууд: Шошго нэмэх
Шошго байхгүй, Энэхүү баримтыг шошголох эхний хүн болох!

MARC

LEADER 00000nam^a2200000^a^4500
001 000184782
005 20250521000000.0
009 20260310102126.92
020 |a 0-471-64837-X 
037 |a Acervo ITESO - Biblioteca 
041 |a ING 
082 |a 720. 22  |b MIL 
100 |a Mills, Criss B.  |e (autor) 
245 1 0 |a Designing with Models :  |b A Studio Guide to Making and Using Architectural Design Models /  |c C.B. Mills. 
250 |a 2a edición 
264 4 |a Hoboken, EUA :  |b Wiley,  |c 2005, c2005 
300 |a VII, 248 p. 
336 |a texto  |b txt  |2 rdacontenido 
337 |a sin mediación  |b n  |2 rdamedio 
338 |a volumen  |b nc  |2 rdasoporte 
520 |a Guía para el diseño de proyectos arquitectónicos con base en modelos, cuyo autor examina el impacto del desarrollo de tecnologías de tercera dimensión a través de entrevistas y numerosos ejemplos de renombrados arquitectos. 
649 |a XX 
650 |a Diseño Asistido por Computadora 
650 |a Diseño Arquitectónico 
650 |a Métodos Gráficos 
650 |a Representación Arquitectónica 
650 |a Arquitectura 
910 |a Fondo General 
920 |a Impresos - Libros 
930 |a Colección General 
905 |a 101 
901 |a 0500125708  |b IT1  |c ACC  |u 20250521 
902 |a https://opac.biblio.iteso.mx/vufind/Record/000184782